banner-ar

الحمدانيون : (Record no. 60238)

MARC details
000 -الفاتح
حقل البيانات ثابتة الطول 01003nam a22002657a 4500
005 - وقت وتاريخ اخر تعامل مع التسجيلة
رقم الضبط 20240530110400.0
008 - عناصر البيانات ثابتة الطول - معلومات عامة
حقل البيانات ثابتة الطول 150119s2010 ua g 000 0 ara d
017 ## - رقم الايداع القانونى
رقم الايداع القانونى 2009/22492
المصدر ( الهيئة المختصة) مصر . دار الكتب المصرية
020 ## - الرقم الدولى المعيارى للكتب
الرقم الدولى المعيارى للكتاب 9789774950209
040 ## - مصدر الفهرسة
وكالة الفهرسة الأصلية EG-CaGPL
041 0# - رمز اللغة
رمز لغة النص/ المسارات الصوتية أو العنوان الانفرادي ara
082 04 - رقم تصنيف ديوى العشرى
رقم الطبعة 21
رقم التصنيف 953.0731\
رقم المادة م ح
100 0# - المدخل الرئيسى - إسم شخصى
الإسم الشخصى مديحة الشرقاوى
245 10 - بيان العنوان
العنوان الحمدانيون :
بقية العنوان تاريخهم فى الموصل و حلب /
بيان المسئوليه,etc تاليف مديحة الشرقاوى
250 ## - بيان الطبعة
بيان الطبعة ط 1
260 ## - PUBLICATION, DISTRIBUTION, ETC. (IMPRINT)
تاريخ النشر أو التوزيع 2010
300 ## - الوصف المادى
التعداد 278 ص ؛
أبعاد الوعاء 24 سم
490 0# - بيان السلسلة
عنوان السلسلة صفحات جديدة من التاريخ الاسلامى
651 04 - المدخل الاضافى بالموضوع - اسم جغرافى
الاسم الجغرافي الحمدانيون
651 04 - المدخل الاضافى بالموضوع - اسم جغرافى
الاسم الجغرافي الحمدانيون
التقسيم الفرعي العام الاحوال السياسية
651 04 - المدخل الاضافى بالموضوع - اسم جغرافى
الاسم الجغرافي الحمدانيون
التقسيم الفرعي العام تاريخ
التقسيم الفرعي الجغرافي الموصل
651 04 - المدخل الاضافى بالموضوع - اسم جغرافى
الاسم الجغرافي الحمدانيون
التقسيم الفرعي العام تاريخ
التقسيم الفرعي الجغرافي حلب
942 ## - عناصر المدخل الإضافي( كوها)
مصدر التصنيف او مخطط الترفيف Dewey Decimal Classification
Koha [default] item type كتاب
260 ## - PUBLICATION, DISTRIBUTION, ETC. (IMPRINT)
-- القاهرة :
-- دار العالم العربى ،
Holdings
حالة التراجع حالة الفقد حالة تلف ليس للاعارة المكان المؤقت الموقع الحالى تاريخ الاكتساب اجمالي اﻻعارات رقم الطلب الباركود تاريخ اخر مشاهدة تاريخ تفعيل السعر نوع وعاء كوها
        مكتبة القاهرة الكبرى مكتبة القاهرة الكبرى 01/19/2015   953.0731\ م ح 159245 01/19/2015 01/19/2015 كتاب

Powered By

EGPV